书目信息 |
| 题名: |
科技英语教程
|
|
| 作者: | 田文杰 主编 | |
| 分册: | ||
| 出版信息: | 西安 西安交通大学出版社 2008.09 |
|
| 页数: | 226页 | |
| 开本: | 21cm | |
| 丛书名: | ||
| 单 册: | ||
| 中图分类: | H31 | |
| 科图分类: | ||
| 主题词: | 科学技术--ke xue ji shu--英语--高等学校--教材 | |
| 电子资源: | ||
| ISBN: | 978-7-5605-2924-0 | |
| 000 | 00924nam0 2200253 450 | |
| 001 | 012009963943 | |
| 005 | 20090429153411.89 | |
| 010 | @a978-7-5605-2924-0@dCNY18.00 | |
| 100 | @a20090429d2008 em y0chi0120 ea | |
| 101 | 0 | @achi@aeng |
| 102 | @aCN@b610000 | |
| 105 | @ay z 000yy | |
| 106 | @ar | |
| 200 | 1 | @a科技英语教程@Ake ji ying yu jiao cheng@d= English of science and technology@f田文杰主编@Fzhu bian tian wen jie@zeng |
| 210 | @a西安@c西安交通大学出版社@d2008.09 | |
| 215 | @a226页@d21cm | |
| 300 | @a高等学校英语应用能力拓展教材 | |
| 330 | @a本书的课文全部选自国内外的专业期刊、原版科技书籍和网站,材料涉及电子、通讯、网络、计算机、自动化、信息和航天等领域。 | |
| 510 | 1 | @aEnglish of science and technology@zeng |
| 606 | 0 | @a科学技术@Ake xue ji shu@x英语@x高等学校@j教材 |
| 690 | @aH31@v4 | |
| 701 | 0 | @a田文杰@Atian wen jie@4主编 |
| 801 | 0 | @aCN@bQSSK@c20090429 |
| 905 | @b738836-38@dH31@eT662@f3 | |
| 科技英语教程= English of science and technology/田文杰主编.-西安:西安交通大学出版社,2008.09 |
| 226页;21cm |
| 高等学校英语应用能力拓展教材 |
| ISBN 978-7-5605-2924-0:CNY18.00 |
| 本书的课文全部选自国内外的专业期刊、原版科技书籍和网站,材料涉及电子、通讯、网络、计算机、自动化、信息和航天等领域。 |
| ● |
| 相关链接 |
|
|
|
正题名:科技英语教程
索取号:H31/T662
 
预约/预借
| 序号 | 登录号 | 条形码 | 馆藏地/架位号 | 状态 | 备注 |
| 1 | 738836 | 207388361 | 语言库209/209语言库 86排3列6层/ [索取号:H31/T662] | 在馆 | |
| 2 | 738837 | 207388370 | 语言库209/209语言库 86排3列6层/ [索取号:H31/T662] | 在馆 | |
| 3 | 738838 | 207388389 | 语言库209/209语言库 86排3列6层/ [索取号:H31/T662] | 在馆 |